Novel configurations : a study of French fiction : Stendhal, Balzac, Zola, Gide, Huysmans, Proust, Robbe-Grillet, Saporta, Cortázar, Ricardou /

Bibliographic Details
Main Author: Pasco, Allan H.
Format: Book
Language:English
Published: Birmingham, Ala. : Summa Publications, 1987.
Subjects:

MARC

Tag First Indicator Second Indicator Subfields
LEADER 00000cam a2200000 a 4500
001 in00000028192
005 20151007060021.0
008 861202s1987 alu b 00110 eng d
010 |a  86063079  
020 |a 0917786505 
035 |a (OCoLC)14913902 
035 |9 AAB9886AM 
040 |a XIM  |c XIM  |d YHM  |d TXA  |d UtOrBLW 
049 |a TXAM  |c [A11532499] 
050 4 |a PQ651  |b .P37 1987 
100 1 |a Pasco, Allan H. 
245 1 0 |a Novel configurations :  |b a study of French fiction : Stendhal, Balzac, Zola, Gide, Huysmans, Proust, Robbe-Grillet, Saporta, Cortázar, Ricardou /  |c Allan H. Pasco. 
264 1 |a Birmingham, Ala. :  |b Summa Publications,  |c 1987. 
300 |a xiii, 226 pages ;  |c 24 cm. 
336 |a text  |b txt  |2 rdacontent 
337 |a unmediated  |b n  |2 rdamedia 
338 |a volume  |b nc  |2 rdacarrier 
504 |a Includes bibliographical references and index. 
650 0 |a French fiction  |y 19th century  |x History and criticism. 
650 0 |a French fiction  |y 20th century  |x History and criticism. 
999 |a MARS 
999 f f |s cb623bcf-90dd-3c3f-bbd2-3b89c4815bfd  |i 27cfa280-5d52-340c-b618-721c57e0c04a  |t 0 
952 f f |p ric  |a Texas A&M University  |b Rellis Campus  |c Joint Library Facility  |d Remote Storage  |t 0  |e PQ651 .P37 1987  |h Library of Congress classification  |i unmediated -- volume  |m A14811532499 
998 f f |a PQ651 .P37 1987  |t 0  |l Remote Storage